00431nam a2200169Ia 4500008004100000020001800041041000800059082002100067100001300088245002000101260003400121300000900155500002700164500003400191650002300225700001300248230125s9999 xx 000 0 und d a81-7434-789-7 aeng a891.463bSUN BLA aPotdar V aYoddha sansyasi c2000bRajhans prakashanaPune a332p aMarathi book,Biography aLiterature;Marathi Literature aMarathi Literature aPotdar V